000 00834cam a2200265 a 4500
008
020 _a0824789466 (hbk.)
049 _aMAIN
090 _aTP691
_bALT
100 1 _aAltgelt, Klaus H.
245 1 0 _aComposition and analysis of heavy petroleum fractions /
_cKlaus H. Altgelt, Mieczyslaw M. Boduszynski.
260 _aNew York :
_bM. Dekker,
_c1994.
300 _aix, 495 p. :
_bill. ;
_c24 cm.
490 1 _aChemical industries ;
_v54
500 _aIncludes index.
504 _aIncludes bibliographical references.
650 0 _aPetroleum
_xAnalysis.
700 1 _aBoduszynski, Mieczyslaw M.
830 0 _aChemical industries ;
_vv. 54
907 _a.b10027968
_b26-04-12
_c17-04-03
003
005 20230123133536.0
040 _cNUST
942 _cBOOKS
_kTP691
_mALT
999 _c150392
_d150392